Normal view
MARC view
- Joel Bauer
Entry Personal Name
001 - CONTROL NUMBER
- control field: 54080
003 - CONTROL NUMBER IDENTIFIER
- control field: NUST
005 - DATE AND TIME OF LATEST TRANSACTION
- control field: 20210421115903.0
008 - FIXED-LENGTH DATA ELEMENTS
- fixed length control field: 210421|| aca||aabn | a|a d
040 ## - CATALOGING SOURCE
- Original cataloging agency: NUST
- Transcribing agency: NUST
100 ## - HEADING--PERSONAL NAME
- Personal name: Joel Bauer
670 ## - SOURCE DATA FOUND
- Source citation: Work cat.: (NUST): Joel Bauer, How to Persuade People Who dont Want to be Persuaded, 2004
